000 00519cam a2200205ua 4500
001 11998
005 20260515114826.0
008 200102n ii |||gr||||Z||||||eng
020 _a9788121915311
040 _cMAIN
082 _a050
100 _aR.S Aggarwal,
_eAuthor.
245 _aObjective General English
_cBy R.S Aggarwal
250 _a1st ed.
260 _aNew Delhi:
_bS.Chand & Company,
_c1997.
300 _a652p.
653 _aGeneral serial publications
653 _a English language
942 _cBK
999 _c10771
_d10771